000 01687nam a2200325 c 4500
003 BLK
005 20190202105009.0
008 180407b bul|||||r ||||||| ||bul||
010 _aKNG00032388000
020 _a954-649-092-Х
_bиздат.: Сиела Софт енд Паблишинг
040 _aBLK
041 _aBUL
_cBUL
080 _aСпециална част на наказателното право. Видове наказуеми действия - Срещу собствена или чужда държава и управлението, политически престъпления,геноцид(прав.аспекти), наркотрафик, против мира, обществен
_b343.3/.7
_x(497.2)(042.3)
_z343.3/.7(497.2)(042.3)
100 1 _aСтойнов, Александър Иванов
_eпърви автор
_9363303
139 _aСтойнов, Александър Иванов
_bС 81
245 1 0 _aНаказателно право
_bОсобена част : Престъпления против правата на човека
_cАлександър Иванов Стойнов.
257 _aBGR
260 София
_bСиела Софт енд Паблишинг
_c1997
300 _a252 с.
_c22 см
380 _a3
650 4 _aНаказателно право - България
_9242654
650 4 _aПрава на човека - България
_9242779
653 _aнаказателно-процесуално право
653 _aправа на човека
852 _aЦб 194143
856 4 _qpdf
_u
856 4 _qpdf
_u
942 _cKNG
_n0
_02
944 _aCR
_c10.04.2003
_kЦветанка_Енчева
944 _aED
_c17.06.2004
_k
999 _c29763
_d29763